000 00598nam a2200193Ia 4500
005 20260114185558.0
008 008 260114s9999 xx 000 0 eng d
020 _a9781941946589
037 _aEBOOK
040 _aCRL
_beng
_cCRL
041 _aeng
_2eng
084 _qCRL
100 _aRandolph S. Churchill
_9871807
245 4 _aThe Churchill Documents, Volume 21 The Shadows of Victory January-July 1945
260 _bBloomsbury
_c2020
856 _uhttps://doi.org/10.5040/9781941946589?locatt=label:secondary_bloomsburyCollections
942 _cEBOOK
999 _c1470755
_d1470755